000 00266nam a22001217a 4500
008 180807b xxu||||| |||| 00| 0 eng d
082 _a813.52
245 _aWindows
_cWebster's.M
260 _c2001
300 _a1
_fCD
440 _x INSDLX0102
942 _2ddc
_cMX
999 _c46915
_d46915